| 000 | 01094nam a22002777a 4500 | ||
|---|---|---|---|
| 001 | 06592 | ||
| 003 | HDC | ||
| 008 | 210124p2015 n |0 eng | ||
| 022 | _a2354-2950 | ||
| 040 | _aHDC | ||
| 100 |
_aSaleha Sadeeqa, _eauthor _9542 |
||
| 245 | 0 |
_aEvaluating knowledge, attitude and perception regarding Halal pharmaceuticals among community pharmacists : _bKAP AMONG COMMUNITY PHARMACISTS REGARDING HALAL PHARMACEUTICALS: A CROSSECTIONAL ASSESSMENT _cSaleha Sadeeqa, Azmi Sarridd and Imran Masood |
|
| 260 |
_a[No place] : _bSEAHI PUBLICATIONS, _c2015 |
||
| 336 |
_atext _2rdacontent |
||
| 337 |
_acomputer _2rdamedia |
||
| 338 |
_aonline resource _2rdacarrier |
||
| 650 |
_aCommunity pharmacists, _97030 |
||
| 650 |
_aDrugs _93630 |
||
| 650 |
_aHalal foods and Pharmaceuticals, _97029 |
||
| 650 |
_aMedicine _97031 |
||
| 650 |
_aMuslims, _9247 |
||
| 856 | _zRequest full-text at [email protected] | ||
| 942 | _2lcc | ||
| 942 | _cAR | ||
| 942 | _kJART 000580 | ||
| 999 |
_c3916 _d3916 |
||